| 000 | 00618nam a2200181Ia 4500 | ||
|---|---|---|---|
| 003 | GCL | ||
| 008 | 140319s9999 xx 000 0 ara d | ||
| 040 |
_aGCL / _cGCL |
||
| 082 | 0 | 4 |
_a709.01 _bم ث |
| 100 | 1 | _aمركز تسجيل الاثار المصرية | |
| 245 | 1 | 0 |
_aالتصوير والنحت فى العصر الباكر من تاريخ مصر / _cمركز تسجيل الاثار المصرية |
| 260 |
_a[S.N] : _bمركز تسجيل الاثار المصرية |
||
| 490 | _a | ||
| 650 | 0 | 4 | _aالفن المصرى القديم |
| 650 | 0 | 4 | _aالنحت |
| 650 | 0 | 4 | _aالتصوير |
| 942 |
_2ddc _cBK |
||
| 999 |
_c36384 _d36384 |
||